000 008200000a22002770004500
041 0 _aEspañol
090 _aMM
_b00019
245 1 0 _aHumedales I y II
300 _a70 min
_bVHS
500 _a<Programa Jungla de Asfalto>
650 1 4 _aHumedales
_992440
650 1 4 _aEcosistemas vulnerables
_9760
650 1 4 _aEcosistemas estratégicos
_93520
650 1 4 _aLimnología
_993114
650 1 4 _aFauna
_992594
650 1 4 _aFlora
_992293
650 1 4 _aAves acuáticas
_993167
650 1 4 _aFitoplancton
_913849
650 1 4 _aZooplancton
_916360
651 4 _pColombia
_dCundinamarca
_lSabana de Bogotá
_992749
041 0 _aEspañol
044 _aColombia
110 1 _aAlcaldía Mayor de Bogotá
_dDepartamento Administrativo del Medio Ambiente
_sDAMA
_9100811
260 _aBogotá
_bDAMA
_c1994
942 _cCD-ROM
999 _c16441
_d16441